Los Vengadores de Marvel - Estadísticas

Estadísticas generales
  • Esta prueba ha sido intentada 1.057 veces
  • La puntuación promedio es 18 de 26
Estadísticas de respuestas
Hint Respuesta % Correcto
Peter Parker Hombre araña
100%
Tony Stark Iron Man
99%
Steve Rogers Capitán América
98%
Dios del Trueno Thor Odinson
98%
Bruce Banner Hulk
93%
Natasha Romanoff Viuda Negra
93%
Clint Barton Ojo de Halcón
86%
Wanda Maximoff Bruja Escarlata
85%
"Árbol" Groot
84%
T'Challa Pantera Negra
79%
Hija adoptiva de Thanos Gamora
78%
Scott Lang Ant-Man
77%
Sam Wilson Falcon
70%
"Mapache" espacial Rocket
70%
Peter Quill Star Lord
67%
Hija adoptiva de Thanos #2 Nebula
64%
Carol Danvers Capitana Marvel
60%
La _____ de Ultrón (Jarvis) Visión
58%
Guardián de la Galaxia "colorido" Drax
53%
Bucky Barnes Soldado de Invierno
53%
Guardián de la Galaxia "emotiva" Mantis
52%
James Rhodes Máquina de Guerra
47%
Pietro Maximoff Quicksilver
47%
Hope van Dyne Avispa
44%
Stephen Strange Dr. Strange
44%
Sharon Carter Agente Carter
15%
No se encontraron pruebas coincidentes
Distribución de puntuación
Porcentaje de gente con cada puntuación
Porcentaje por número respondido
Historial de tus puntuaciones
No has intentado esta prueba.